Sociología /
Guardado en:
| Autor Principal: | |
|---|---|
| Formato: | Libro |
| Publicado: |
Madrid :
Aguilar,
1966
|
| Edición: | 6a. ed. |
| Materias: | |
| Etiquetas: |
Agregar Etiqueta
Sin Etiquetas, Sea el primero en etiquetar este registro!
|
| LEADER | 00755nam a22002295a 4500 | ||
|---|---|---|---|
| 001 | CEM.cems004740 | ||
| 005 | 20060217000000.0 | ||
| 008 | 130507s1966##################000#0#####d | ||
| 003 | CEMS | ||
| 082 | 0 | 4 | |a 301 |
| 100 | 1 | |a Ogburn, William F. | |
| 245 | 1 | 0 | |a Sociología / |
| 250 | |a 6a. ed. | ||
| 260 | |a Madrid : |b Aguilar, |c 1966 | ||
| 300 | |a 811 p. | ||
| 505 | 0 | |a económicas, Gobierno, Guerra y relaciónes internaciónales, Instituciónes religiosas, Familia; Crecimiento de la cultura; Influencia de la técnica; Desorganización social; Progreso social | |
| 653 | |a Clases sociales | ||
| 653 | |a Cultura | ||
| 653 | |a Ecologia humana | ||
| 653 | |a Grupos sociales | ||
| 653 | |a Personalidad | ||
| 859 | |a CEMS |b BIB. CEMS - 11 de abril |h 301 |i Og1a6 |p 608.73 |t Ej.1 | ||
